[Event "Madrid ch superveteranos 2020"]
[Site "Madrid ESP"]
[Date "2020.08.30"]
[Round "7.3"]
[White "Pashov, Spas Nikolov"]
[Black "Ortiz Landeira, Jose Antonio"]
[Result "1-0"]
[WhiteElo "1808"]
[BlackElo "1751"]
[PlyCount "79"]
[EventDate "2020.03.09"]
[EventType "swiss"]
[EventRounds "9"]
[EventCountry "ESP"]
[SourceTitle "Ajedrez en Madrid"]
[Source "lmi"]
[SourceDate "2020.03.09"]
[SourceVersion "1"]
[SourceVersionDate "2020.09.01"]
[SourceQuality "1"]

1. e4 c5 2. Nf3 Nc6 3. d4 cxd4 4. Nxd4 d6 5. Nc3 Nf6 6. Be2 g6 7. Be3 Bg7 8. f3
a6 9. a4 Bd7 10. O-O O-O 11. Qd2 Nxd4 12. Bxd4 Bc6 13. Rfd1 Nd7 14. Bxg7 Kxg7
15. Qd4+ f6 16. b3 Qb6 17. a5 Qxd4+ 18. Rxd4 f5 19. Nd5 Bxd5 20. exd5 f4 21.
Bd3 Nc5 22. Re1 Rf7 23. b4 Nxd3 24. Rxd3 Rc8 25. c3 Rc4 26. Kf2 Kf8 27. g3 Rf6
28. Re4 Rxe4 29. fxe4 fxg3+ 30. Kxg3 Kf7 31. c4 Ke8 32. Rf3 Kd7 33. Rf4 g5 34.
Rxf6 exf6 35. Kg4 Ke7 36. c5 h6 37. Kf5 h5 38. cxd6+ Kxd6 39. Kxf6 g4 40. Kg5
1-0

[Event "Madrid ch superveteranos 2020"]
[Site "Madrid ESP"]
[Date "2020.08.30"]
[Round "7.4"]
[White "Martinez De La Puente, Ignacio"]
[Black "Barahona Torrijos, Angel"]
[Result "0-1"]
[WhiteElo "1678"]
[BlackElo "1807"]
[PlyCount "76"]
[EventDate "2020.03.09"]
[EventType "swiss"]
[EventRounds "9"]
[EventCountry "ESP"]
[SourceTitle "Ajedrez en Madrid"]
[Source "lmi"]
[SourceDate "2020.03.09"]
[SourceVersion "1"]
[SourceVersionDate "2020.09.01"]
[SourceQuality "1"]

1. e4 e5 2. Nc3 Nf6 3. Bc4 Bc5 4. d3 d6 5. h3 c6 6. Bg5 h6 7. Be3 Bxe3 8. fxe3
b5 9. Bb3 Nbd7 10. Qf3 a5 11. a3 Nc5 12. Ba2 Ne6 13. Nge2 Ng5 14. Qf2 b4 15.
axb4 axb4 16. Bxf7+ Kxf7 17. Rxa8 bxc3 18. Nxc3 Qb6 19. Nd1 Qb7 20. Ra3 Rf8 21.
Qh4 Qb4+ 22. c3 Qb5 23. c4 Qb4+ 24. Rc3 d5 25. O-O dxe4 26. dxe4 Kg8 27. Qe1
Nfxe4 28. Rc2 Qb3 29. Rc1 Ba6 30. Qa5 Bxc4 31. Re1 Bd5 32. Qa3 Qb5 33. Nc3 Nxc3
34. Qxc3 Be4 35. b4 Ra8 36. Ra1 Rxa1 37. Rxa1 Qe2 38. Qb3+ Bd5 0-1

[Event "Madrid ch superveteranos 2020"]
[Site "Madrid ESP"]
[Date "2020.08.30"]
[Round "7.5"]
[White "Infante Martin, Alonso"]
[Black "Fernandez Garcia, Ignacio"]
[Result "0-1"]
[WhiteElo "1373"]
[BlackElo "1803"]
[PlyCount "78"]
[EventDate "2020.03.09"]
[EventType "swiss"]
[EventRounds "9"]
[EventCountry "ESP"]
[SourceTitle "Ajedrez en Madrid"]
[Source "lmi"]
[SourceDate "2020.03.09"]
[SourceVersion "1"]
[SourceVersionDate "2020.09.01"]
[SourceQuality "1"]

1. d4 c5 2. Nf3 b6 3. d5 d6 4. c4 g6 5. Nc3 Nf6 6. h3 Bg7 7. e4 O-O 8. Be2 a6
9. Rb1 b5 10. cxb5 axb5 11. Bxb5 Nbd7 12. O-O Ba6 13. a4 c4 14. Bd2 Nc5 15. Nd4
Bxb5 16. axb5 Nxd5 17. Nc6 Nxc3 18. Bxc3 Qc7 19. Bxg7 Kxg7 20. Qd4+ Kg8 21.
Qxc4 Ra4 22. b4 Rfa8 23. g3 Ne6 24. Rfc1 Qd7 25. Kg2 Ng5 26. g4 h5 27. f3 Kg7
28. Rd1 Ra2+ 29. Kg3 h4+ 30. Kxh4 Nxf3+ 31. Kg3 Nd2 32. Qc3+ f6 33. Rxd2 R8a3
34. Rb3 Rxb3 35. Qxb3 Rxd2 36. Qc3 Ra2 37. b6 Qb7 38. Qc4 Ra3+ 39. Kf4 e5+ 0-1

[Event "Madrid ch superveteranos 2020"]
[Site "Madrid ESP"]
[Date "2020.08.30"]
[Round "7.6"]
[White "Salgado Duarte, Pablo"]
[Black "Ghavami, Mahmoud"]
[Result "1/2-1/2"]
[WhiteElo "1446"]
[BlackElo "1519"]
[PlyCount "66"]
[EventDate "2020.03.09"]
[EventType "swiss"]
[EventRounds "9"]
[EventCountry "ESP"]
[SourceTitle "Ajedrez en Madrid"]
[Source "lmi"]
[SourceDate "2020.03.09"]
[SourceVersion "1"]
[SourceVersionDate "2020.09.01"]
[SourceQuality "1"]

1. d4 Nf6 2. c4 g6 3. Nc3 d5 4. e3 Bg7 5. Nf3 O-O 6. cxd5 Nxd5 7. Bc4 Nxc3 8.
bxc3 c5 9. Bd2 Bg4 10. Be2 Qa5 11. O-O Nc6 12. h3 Bxf3 13. Bxf3 Rad8 14. Bxc6
bxc6 15. Qf3 cxd4 16. exd4 c5 17. Bg5 Rd7 18. Rfe1 e6 19. Be3 Qxc3 20. Rac1 Qa5
21. dxc5 Rc7 22. Qe2 Rfc8 23. Red1 Bf8 24. Qb2 Bg7 25. Qd2 Qb5 26. Rb1 Qe8 27.
Qa5 Bf8 28. Rdc1 Qc6 29. Bf4 Rb7 30. Rxb7 Qxb7 31. Be3 a6 32. Qb6 Qc6 33. Qxc6
Rxc6 1/2-1/2

[Event "Madrid ch superveteranos 2020"]
[Site "Madrid ESP"]
[Date "2020.08.30"]
[Round "7.8"]
[White "Perales Hernandez, Manuel"]
[Black "Garcia Marin, Blas"]
[Result "0-1"]
[WhiteElo "1348"]
[BlackElo "1441"]
[PlyCount "170"]
[EventDate "2020.03.09"]
[EventType "swiss"]
[EventRounds "9"]
[EventCountry "ESP"]
[SourceTitle "Ajedrez en Madrid"]
[Source "lmi"]
[SourceDate "2020.03.09"]
[SourceVersion "1"]
[SourceVersionDate "2020.09.01"]
[SourceQuality "1"]

1. e4 e6 2. d4 d5 3. e5 c5 4. Nf3 Nc6 5. Bb5 a6 6. Bxc6+ bxc6 7. O-O Qb6 8. Nc3
cxd4 9. Nxd4 Bd7 10. b3 Qc7 11. Nf3 Ne7 12. Re1 Nf5 13. Bd2 c5 14. a3 Bc6 15.
Bf4 Qb7 16. Qe2 d4 17. Ne4 Bb5 18. Qd2 Rd8 19. g4 Ne7 20. Nd6+ Rxd6 21. exd6
Qxf3 22. a4 Bc6 23. Kf1 Qh3+ 24. Ke2 Qxg4+ 25. Kd3 Qf5+ 26. Ke2 Qe4+ 27. Kd1
Qf3+ 28. Kc1 Nd5 29. Bg3 Qc3 30. Rb1 Qxd2+ 31. Kxd2 Kd7 32. Rg1 g6 33. Be5 f6
34. Bg3 Bxd6 35. Bxd6 Kxd6 36. Rbe1 Nc3 37. Ref1 e5 38. h4 Bf3 39. a5 Rb8 40.
Kd3 Kd5 41. Kd2 Rb5 42. Ra1 f5 43. Ra3 Ne4+ 44. Ke1 Nc3 45. Kd2 e4 46. Raa1 c4
47. Ra3 cxb3 48. cxb3 Ne2 49. Rb1 d3 50. Ra4 Rc5 51. Rc4 Rxc4 52. bxc4+ Kxc4
53. Rb6 Nd4 54. Rxa6 Kb5 55. Ra7 Nb3+ 56. Kc3 Nxa5 57. Rxh7 Nc6 58. Rd7 Kc5 59.
Rf7 Ne5 60. Rc7+ Kd6 61. Ra7 Bh5 62. Ra4 Nf3 63. Ra6+ Ke5 64. Ra5+ Kf4 65. Ra4
Nxh4 66. Ra1 Be2 67. Rh1 g5 68. Rh3 Nf3 69. Rg3 d2 70. Rxf3+ Kxf3 71. Kxd2 Kxf2
72. Kc1 e3 73. Kc2 Ke1 74. Kc1 Bd3 75. Kb2 Kd2 76. Kb3 e2 77. Kb4 e1=Q 78. Kc5
Qe6 79. Kd4 Qe4+ 80. Kc5 Kc3 81. Kd6 Bc4 82. Kc7 Qe6 83. Kb7 Bd5+ 84. Ka7 Qc6
85. Kb8 Qb7# 0-1

[Event "Madrid ch superveteranos 2020"]
[Site "Madrid ESP"]
[Date "2020.08.31"]
[Round "8.1"]
[White "Casares Ripoll, Fernando"]
[Black "Martin Garcia, Luis I"]
[Result "1/2-1/2"]
[WhiteElo "2103"]
[BlackElo "1834"]
[PlyCount "38"]
[EventDate "2020.03.09"]
[EventType "swiss"]
[EventRounds "9"]
[EventCountry "ESP"]
[SourceTitle "Ajedrez en Madrid"]
[Source "lmi"]
[SourceDate "2020.03.09"]
[SourceVersion "1"]
[SourceVersionDate "2020.09.01"]
[SourceQuality "1"]

1. e4 e6 2. d4 d5 3. Nd2 c5 4. exd5 exd5 5. Ngf3 Bd6 6. dxc5 Bxc5 7. Nb3 Bb6 8.
Bb5+ Nc6 9. O-O Nge7 10. Be3 O-O 11. Nfd4 Nxd4 12. Nxd4 Nf5 13. Nxf5 Bxf5 14.
Bxb6 Qxb6 15. Bd3 Bxd3 16. Qxd3 Qxb2 17. Qxd5 Rad8 18. Qb3 Qxb3 19. axb3 a6
1/2-1/2

[Event "Madrid ch superveteranos 2020"]
[Site "Madrid ESP"]
[Date "2020.08.31"]
[Round "8.2"]
[White "Ortiz Landeira, Jose Antonio"]
[Black "Barahona Torrijos, Angel"]
[Result "0-1"]
[WhiteElo "1751"]
[BlackElo "1807"]
[PlyCount "94"]
[EventDate "2020.03.09"]
[EventType "swiss"]
[EventRounds "9"]
[EventCountry "ESP"]
[SourceTitle "Ajedrez en Madrid"]
[Source "lmi"]
[SourceDate "2020.03.09"]
[SourceVersion "1"]
[SourceVersionDate "2020.09.01"]
[SourceQuality "1"]

1. c4 e6 2. g3 f5 3. Bg2 Nf6 4. a3 c5 5. Nc3 Nc6 6. Nf3 Bd6 7. d4 cxd4 8. Nxd4
Bb8 9. Nxc6 bxc6 10. c5 Nd5 11. Bd2 O-O 12. e4 fxe4 13. Nxe4 Ba6 14. Bf1 Bxf1
15. Rxf1 Be5 16. Qc2 Nf6 17. Bc3 Bxc3+ 18. Nxc3 d5 19. cxd6 Qxd6 20. Rd1 Nd5
21. Nxd5 exd5 22. Rd2 Qh6 23. f4 Rae8+ 24. Re2 Qxh2 25. Kd1 Qh5 26. Rfe1 Re4
27. Kc1 Rc4 28. Qxc4 dxc4 29. Re3 Rd8 30. Kb1 Rd1+ 31. Rxd1 Qxd1+ 32. Ka2 Kf7
33. Rc3 Qd4 34. Kb1 Kf6 35. Ka2 Kf5 36. a4 a5 37. Rc2 Kg4 38. Rh2 Kxg3 39. Rxh7
c3 40. bxc3 Qxc3 41. f5 Kg4 42. Rh2 c5 43. Rh8 Qc2+ 44. Ka3 c4 45. Rb8 Qd3+ 46.
Ka2 c3 47. Rc8 Qc2+ 0-1

[Event "Madrid ch superveteranos 2020"]
[Site "Madrid ESP"]
[Date "2020.08.31"]
[Round "8.3"]
[White "Fernandez Garcia, Ignacio"]
[Black "Pashov, Spas Nikolov"]
[Result "1-0"]
[WhiteElo "1803"]
[BlackElo "1808"]
[PlyCount "59"]
[EventDate "2020.03.09"]
[EventType "swiss"]
[EventRounds "9"]
[EventCountry "ESP"]
[SourceTitle "Ajedrez en Madrid"]
[Source "lmi"]
[SourceDate "2020.03.09"]
[SourceVersion "1"]
[SourceVersionDate "2020.09.01"]
[SourceQuality "1"]

1. e4 e5 2. Nf3 Nc6 3. Bc4 Bc5 4. Nc3 d6 5. h3 a6 6. d3 h6 7. Be3 Bxe3 8. fxe3
Na5 9. Qe2 Nxc4 10. dxc4 Be6 11. O-O-O Qe7 12. c5 dxc5 13. Nd5 Bxd5 14. Rxd5 f6
15. Rhd1 Qf7 16. Qd3 Qe6 17. Nh4 Ne7 18. Rd8+ Kf7 19. Rd7 Rhe8 20. Nf5 Kg8 21.
Kb1 Nxf5 22. exf5 Qc6 23. Qc4+ Kh8 24. Qf7 Qxg2 25. b3 Rac8 26. Kb2 b5 27. Rxc7
c4 28. Rdd7 Rf8 29. Qe7 Rce8 30. Qxg7+ 1-0

[Event "Madrid ch superveteranos 2020"]
[Site "Madrid ESP"]
[Date "2020.08.31"]
[Round "8.4"]
[White "Ramos Antona, Enrique"]
[Black "Gonzalez Rivera, Eduardo"]
[Result "0-1"]
[WhiteElo "1453"]
[BlackElo "2015"]
[PlyCount "60"]
[EventDate "2020.03.09"]
[EventType "swiss"]
[EventRounds "9"]
[EventCountry "ESP"]
[SourceTitle "Ajedrez en Madrid"]
[Source "lmi"]
[SourceDate "2020.03.09"]
[SourceVersion "1"]
[SourceVersionDate "2020.09.01"]
[SourceQuality "1"]

1. d4 d5 2. c4 c6 3. Nf3 e6 4. Nc3 dxc4 5. g3 b5 6. Bg2 Bb7 7. Ne5 Qc8 8. O-O
Nf6 9. b3 cxb3 10. axb3 a6 11. Bb2 Nbd7 12. Nd3 c5 13. dxc5 Bxg2 14. Kxg2 Nxc5
15. f3 Nxd3 16. Qxd3 Be7 17. Rac1 Qb7 18. e4 O-O 19. Qe3 Rfd8 20. Ne2 Rd7 21.
Rfd1 Rad8 22. Rxd7 Qxd7 23. Bd4 h6 24. g4 Nh7 25. Rc2 Rc8 26. Rxc8+ Qxc8 27.
Bc3 Nf8 28. b4 Qc4 29. Nf4 Bg5 30. h4 Bxf4 0-1

[Event "Madrid ch superveteranos 2020"]
[Site "Madrid ESP"]
[Date "2020.08.31"]
[Round "8.5"]
[White "Martin Vazquez, Jose Luis"]
[Black "Ghavami, Mahmoud"]
[Result "1/2-1/2"]
[WhiteElo "1741"]
[BlackElo "1519"]
[PlyCount "61"]
[EventDate "2020.03.09"]
[EventType "swiss"]
[EventRounds "9"]
[EventCountry "ESP"]
[SourceTitle "Ajedrez en Madrid"]
[Source "lmi"]
[SourceDate "2020.03.09"]
[SourceVersion "1"]
[SourceVersionDate "2020.09.01"]
[SourceQuality "1"]

1. e4 d5 2. exd5 Nf6 3. d4 Bg4 4. Be2 Bxe2 5. Qxe2 Qxd5 6. Nf3 Qe4 7. Nc3 Qxe2+
8. Kxe2 c6 9. Re1 e6 10. a3 Bd6 11. Kf1 Nbd7 12. h3 O-O 13. Ne2 b5 14. Bf4 Bxf4
15. Nxf4 a5 16. Rad1 Rad8 17. Ne5 Nxe5 18. dxe5 Nd5 19. Nxd5 cxd5 20. Rd4 Rc8
21. c3 Rc6 22. Ke2 Rfc8 23. Red1 Kf8 24. f4 f6 25. g4 Ke7 26. h4 h6 27. g5 hxg5
28. exf6+ gxf6 29. fxg5 fxg5 30. Rg1 gxh4 31. Rxh4 1/2-1/2

[Event "Madrid ch superveteranos 2020"]
[Site "Madrid ESP"]
[Date "2020.08.31"]
[Round "8.7"]
[White "Infante Martin, Alonso"]
[Black "De Los Rios Camacho, Juan Antonio"]
[Result "1/2-1/2"]
[WhiteElo "1373"]
[BlackElo "1545"]
[PlyCount "106"]
[EventDate "2020.03.09"]
[EventType "swiss"]
[EventRounds "9"]
[EventCountry "ESP"]
[SourceTitle "Ajedrez en Madrid"]
[Source "lmi"]
[SourceDate "2020.03.09"]
[SourceVersion "1"]
[SourceVersionDate "2020.09.01"]
[SourceQuality "1"]

1. d4 d5 2. c4 e6 3. Nc3 Nf6 4. cxd5 Nxd5 5. Nf3 Bb4 6. Qc2 Nd7 7. Bd2 O-O 8.
e3 Re8 9. Bd3 f5 10. O-O Nxc3 11. Bxc3 Bxc3 12. Qxc3 Nf6 13. Rac1 c6 14. Qb3
Qd5 15. Bc4 Qd6 16. Ne5 Ng4 17. Nf3 Kh8 18. h3 Nh6 19. Ne5 g5 20. Qd1 Qe7 21.
Qh5 Kg7 22. Nf3 Nf7 23. g4 Qf6 24. gxf5 Qxf5 25. Rcd1 h6 26. Bd3 Qf6 27. Kh2
Rh8 28. Rg1 e5 29. Rg2 Bf5 30. dxe5 Nxe5 31. Nxe5 Qxe5+ 32. f4 Qxe3 33. Bxf5
Qxf4+ 34. Kg1 Qxf5 35. Rf2 Qe6 36. Re2 Qf5 37. Re7+ Kf8 38. Rdd7 Qc5+ 39. Kg2
Qxe7 40. Rxe7 Kxe7 41. Qg6 Raf8 42. Qg7+ Ke6 43. Qxb7 Kd5 44. Qd7+ Ke5 45. Qe7+
Kf5 46. Qd7+ Kg6 47. Qxc6+ Rf6 48. Qe4+ Kg7 49. Qe7+ Rf7 50. Qe5+ Rf6 51. Qc7+
Rf7 52. Qc3+ Rf6 53. Qc7+ Rf7 1/2-1/2

[Event "Madrid ch superveteranos 2020"]
[Site "Madrid ESP"]
[Date "2020.08.31"]
[Round "8.9"]
[White "Garcia Marin, Blas"]
[Black "Beekhof Harmsen, Willen"]
[Result "0-1"]
[WhiteElo "1441"]
[BlackElo "1437"]
[PlyCount "128"]
[EventDate "2020.03.09"]
[EventType "swiss"]
[EventRounds "9"]
[EventCountry "ESP"]
[SourceTitle "Ajedrez en Madrid"]
[Source "lmi"]
[SourceDate "2020.03.09"]
[SourceVersion "1"]
[SourceVersionDate "2020.09.01"]
[SourceQuality "1"]

1. e4 e5 2. Nf3 Nc6 3. Bc4 Nf6 4. d3 d6 5. c3 Na5 6. Nbd2 Nxc4 7. Nxc4 b5 8.
Ne3 g6 9. O-O Bg7 10. a4 bxa4 11. Rxa4 Bd7 12. Ra2 O-O 13. b4 Nh5 14. h3 Be6
15. Ra3 c6 16. Nh2 a5 17. Nc2 axb4 18. Nxb4 Rxa3 19. Bxa3 Qb6 20. Bc1 Ra8 21.
Be3 c5 22. Qd2 f5 23. Nd5 Bxd5 24. exd5 f4 25. g4 fxe3 26. fxe3 Nf6 27. Qf2 Rf8
28. Qg2 c4 29. d4 exd4 30. exd4 Qa5 31. g5 Nxd5 32. Rxf8+ Bxf8 33. Qe4 Qa1+ 34.
Nf1 Nc7 35. Qf3 Qa8 36. Qxa8 Nxa8 37. Ne3 Nb6 38. Kf2 Be7 39. h4 h6 40. gxh6
Bxh4+ 41. Kf3 Kh7 42. Kg4 Be1 43. Nd1 Kxh6 44. Kf3 Nd5 45. Nb2 Nxc3 46. Nxc4 d5
47. Ne3 Kh5 48. Kf4 g5+ 49. Kf3 Bd2 50. Ng4 Kh4 51. Nf2 Bf4 52. Nd3 Bc7 53. Ne5
Bb6 54. Kg2 Bxd4 55. Nf3+ Kg4 56. Nxd4 Kf4 57. Ne6+ Kf5 58. Nd4+ Ke4 59. Nf3 g4
60. Nh2 Kd3 61. Nf1 Ne2 62. Nh2 g3 63. Nf3 Kc3 64. Ne1 d4 0-1